00722cam a2200241 i 4500001000800000005001700008008004100025010001700066020002400083040001800107041000800125042000900133080001400142082001400156100000700170101000700177245007900184504003000263906004500293942001200338999001700350952011300367321021220180213072458.0781207s1979 nyua j b 001 0 eng  a 78020316  a0679208046 :c$8.95 aDLCcDLCdDLC aeng alcac a621.4 CUM00a621.4 CUM1 a27 aIM10aMake your own alternative energy /cRichard Cummings [i.e. R. M. Gardner]. aBibliography: p. 147-150. a7bcbccorignewd1eocipf19gy-gencatlg 2ddccBK c42390d42390 00102udc40708PËKGa002b002cPËKGd2018-02-13l0o621.4 CUMp002-2998063r2018-02-13w2018-02-13yBK